000 01040nas a2200289 4500
001 BR2013008165
003 BR-BrBNA
005 20231205123056.0
007 ta
008 230509b bl.|||p| |||| 00| 00por d
040 _aBR-BrBNA
_bpor
_cBiblioteca Nacional de Agricultura
041 _a(Pt)
072 _aP34
100 1 _aFlorentino, L.A.
100 1 _aMoreira, F.M.S.
245 1 _aCaracterísticas simbióticas e fenotípicas de Azorhizobium doebereinerae, microissimbiote de Sesbania virgata
246 1 _aSymbiotic and phenotypic characteristics of Azorhizobium doebereinerae, microsymbiont of Sesbania virgata
650 _aFAUNA EDÁFICA
650 _aRHIZOBIUM
650 _aBACTÉRIA NÃO PATOGÊNICA
650 _aSIMBIOSE
650 _a
773 0 _tRevista Árvore (Brazil)
_xISSN 0100-6762
_g(Mar-Apr 2009), v. 33(2) p. 215-226
_wBR2013008165
856 4 _uhttp://www.scielo.br/pdf/rarv/v33n2/a02v33n3.pdf
_yRecurso eletrônico (PDF)
909 _a202311
_bLúcia
_c55
_dLúcia Elande
942 _2AGRIS
_n0
_cANA
999 _c232056
_d232056